| 000 | 00603nam a2200205Ia 4500 | ||
|---|---|---|---|
| 005 | 20221128112813.0 | ||
| 008 | 131103s9999 xx 000 0 und d | ||
| 020 | _cRs.12 | ||
| 040 | _aLoreto College | ||
| 041 | _aEnglish | ||
| 082 |
_a954.16 _bCHA |
||
| 100 | _aChakravorty,Brendra Chandra | ||
| 245 |
_aBritish relations with the Hill Tribes of Assam since 1858 _cBirendra Chandra Chakravorty |
||
| 260 |
_aCalcutta _bFirma K.L.Mukhopadhyay _c1964 |
||
| 300 |
_a222 p. _b maps |
||
| 504 | _aIncludes index and bibliographical references | ||
| 650 | _aHistory | ||
| 850 | _aLCLIB | ||
| 942 | _cBK | ||
| 999 |
_c10223 _d60702 |
||